000 00606nam a2200205Ia 4500
005 20250923145214.0
008 008 250917s9999 xx 000 0 eng d
037 _aTextual
040 _aDSWL
_beng
_cDSWL
041 _aeng
_2eng
084 _aT9(YX,Z2-z1:6-P4)56, N70
_qDSWL
100 _aStratta, Erica
_9832871
245 4 _aThe Education of borstal Boys
_cby Erica Stratta
260 _aLondon
_bRoutledge & Kegan Paul
_c1970
300 _a141p.
365 _aINR
_b10
925 _g10
942 _cTEXL
_hT9(YX,Z2-z1:6-P4)56, N70
999 _c1448438
_d1448438